Obras poéticas del Excmo. Señor D. Bernardino Fernández de Velasco, duque de Frías / (Record no. 53912)

MARC details
000 -LEADER
campo de control de longitud fija 00690nam a22001935i 4500
001 - NÚMERO DE CONTROL
campo de control 53912
003 - IDENTIFICADOR DE NÚMERO DE CONTROL
campo de control ES-MaACL
005 - FECHA Y HORA DE LA ÚLTIMA TRANSACCIÓN
campo de control 20230929062527.0
007 - CAMPO FIJO DE DESCRIPCIÓN FÍSICA--INFORMACIÓN GENERAL
campo de control de longitud fija t|
008 - DATOS DE LONGITUD FIJA--INFORMACIÓN GENERAL
campo de control de longitud fija 940202s1857 sp ||||1| spa d
040 ## - FUENTE DE CATALOGACIÓN
Centro catalogador/agencia de origen AS
Lengua de catalogación spa
100 1# - ENTRADA PRINCIPAL--NOMBRE DE PERSONA
Nombre de persona Fernández de Velasco, Bernardino.
9 (RLIN) 49719
245 10 - MENCIÓN DEL TÍTULO
Título Obras poéticas del Excmo. Señor D. Bernardino Fernández de Velasco, duque de Frías /
Mención de responsabilidad, etc. publicadas a expensas de sus herederos por la Real Academia Española.
260 ## - PUBLICACIÓN, DISTRIBUCIÓN, ETC.
Lugar de publicación, distribución, etc. Madrid :
Nombre del editor, distribuidor, etc. [s.n.],
Fecha de publicación, distribución, etc. 1857 (
Fabricante Imprenta y estereotipia de M. Rivadeneyra)
300 ## - DESCRIPCIÓN FÍSICA
Extensión LIII, 306 p. ;
Dimensiones 29 cm.
710 2# - ENTRADA AGREGADA--NOMBRE DE ENTIDAD CORPORATIVA
Nombre de entidad corporativa o nombre de jurisdicción como elemento de entrada Real Academia Española
9 (RLIN) 6336
852 ## - LOCALIZACIÓN
Ubicación ES-MaACL
Número de control de estantería F-2630
Holdings
Estatus retirado Estado de pérdida Estado de daño No para préstamo Colección Biblioteca de origen Biblioteca actual Ubicación en estantería Fecha de adquisición Fuente de adquisición Total de préstamos Signatura topográfica completa Código de barras Visto por última vez Precio de reemplazo Tipo de ítem Koha
        Libros del s. XIX Biblioteca del Ateneo de Madrid Biblioteca del Ateneo de Madrid Depósito 2 17/01/2008     F-2630 1056657 23/02/2023 23/02/2023 Libro impreso antiguo